Normal view
MARC view
- Chemistry, Organic
Entry Topical Term
001 - CONTROL NUMBER
- control field: 14742
003 - CONTROL NUMBER IDENTIFIER
- control field: OSt
005 - DATE AND TIME OF LATEST TRANSACTION
- control field: 20251127132121.0
008 - FIXED-LENGTH DATA ELEMENTS
- fixed length control field: 251127|| aca||aabn | a|a d
040 ## - CATALOGING SOURCE
- Original cataloging agency: OSt
- Transcribing agency: OSt
150 ## - HEADING--TOPICAL TERM
- Topical term or geographic name entry element: Chemistry, Organic
- Form subdivision: Textbooks
670 ## - SOURCE DATA FOUND
- Source citation: Work cat.: (OSt)5843: Klein, David R., 1972- author. 14741, Organic chemistry /